[Event "103rd YMCA Winter A"]
[Site "Warszawa"]
[Date "2012.01.27"]
[Round "4"]
[White "Gasik, Piotr"]
[Black "Jarmula, Pawel"]
[Result "1-0"]
[WhiteElo "2127"]
[BlackElo "2219"]
[PlyCount "81"]
[EventDate "2012.01.04"]
[EventType "tourn"]
[EventRounds "1"]
[EventCountry "POL"]
[SourceDate "2012.01.03"]

1. e4 c5 2. c3 Nf6 3. e5 Nd5 4. d4 cxd4 5. Nf3 Nc6 6. cxd4 d6 7. Bc4 Nb6 8. Bb5
d5 9. Nc3 Bg4 10. h3 Bxf3 11. Qxf3 e6 12. Qg4 f5 13. exf6 Qxf6 14. O-O Bd6 15.
Re1 Kd7 16. Be3 h5 17. Qe2 g5 18. Rac1 g4 19. Bg5 Qf7 20. h4 Rhf8 21. Na4 Nxa4
22. Bxa4 Qf5 23. Bxc6+ bxc6 24. Rxc6 a5 25. Rb6 Kc7 26. Rb3 Rab8 27. Rxb8 Rxb8
28. Rc1+ Kb6 29. Qe3 Ka7 30. Qc3 Bb4 31. Qe3 Rb6 32. a3 Bd6 33. Qc3 a4 34. Bd8
Ra6 35. Qc8 g3 36. Qd7+ Ka8 37. Rc8+ Bb8 38. fxg3 Qb1+ 39. Kh2 Qxb2 40. Bc7 Ra7
41. Qc6+ 1-0

[Event "103rd YMCA Winter A"]
[Site "Warszawa"]
[Date "2012.01.27"]
[Round "4"]
[White "Adamski, Andrzej"]
[Black "Kaczorowski, Piotr"]
[Result "0-1"]
[WhiteElo "2271"]
[BlackElo "2104"]
[PlyCount "98"]
[EventDate "2012.01.04"]
[EventType "tourn"]
[EventRounds "1"]
[EventCountry "POL"]
[SourceDate "2012.01.03"]

1. e4 c5 2. Nc3 e6 3. Bc4 a6 4. a4 Nc6 5. d3 Nf6 6. Bg5 Be7 7. Nf3 h6 8. Bh4 d5
9. exd5 Nxd5 10. Bxe7 Qxe7 11. O-O Nxc3 12. bxc3 O-O 13. Re1 Rd8 14. Qd2 Qf6
15. Rab1 Na5 16. Ba2 Rb8 17. Rb6 Bd7 18. Ne5 Be8 19. Qe3 Nc6 20. f4 Nxe5 21.
fxe5 Qe7 22. a5 Bc6 23. Rf1 Rd7 24. Bc4 Rc8 25. Rfb1 Rdc7 26. g3 Rd8 27. d4 Qg5
28. Qxg5 hxg5 29. dxc5 Rd2 30. Bd3 g6 31. R1b4 Kg7 32. Rd4 Rd1+ 33. Kf2 Ra1 34.
Rg4 Rxa5 35. Rxg5 Rxc5 36. c4 a5 37. Rb3 a4 38. Ra3 Rc8 39. Ke3 Ra8 40. h4 Kh6
41. Kf4 b5 42. h5 bxc4 43. Be2 Rd5 44. hxg6 Rd4+ 45. Ke3 Re4+ 46. Kd2 Kxg5 47.
gxf7 Rd8+ 48. Ke1 Rxe5 49. Rc3 Kg6 0-1

[Event "103rd YMCA Winter A"]
[Site "Warszawa"]
[Date "2012.01.27"]
[Round "4"]
[White "Jarmula, Lukasz"]
[Black "Kielar, Maciej"]
[Result "1/2-1/2"]
[WhiteElo "2018"]
[BlackElo "2084"]
[Annotator "M"]
[PlyCount "63"]
[EventDate "2012.01.04"]
[EventType "tourn"]
[EventRounds "1"]
[EventCountry "POL"]
[SourceDate "2012.01.03"]

1. e4 c5 2. Nf3 Nc6 3. d4 cxd4 4. Nxd4 g6 5. c4 Bg7 6. Nc2 Nh6 7. Be2 O-O 8.
O-O f5 9. exf5 Nxf5 10. Nc3 e6 11. Rb1 b6 12. Nb5 Bb7 13. b3 d5 14. cxd5 exd5
15. Bg4 d4 16. Ba3 Nce7 17. Nbxd4 Nxd4 18. Nxd4 Rf4 19. Ne6 Qxd1 20. Bxd1 Rf7
21. Ng5 Rf5 22. Bxe7 Re5 23. Bg4 Rxe7 24. Rfe1 Bf6 25. Rxe7 Bxe7 26. Nf3 Bxf3
27. Bxf3 Rc8 28. Bd5+ Kg7 29. Bc4 Bc5 30. Kf1 Rc7 $11 31. Rd1 Re7 32. Rd3 $11
1/2-1/2

[Event "103rd YMCA Winter A"]
[Site "Warszawa"]
[Date "2012.01.27"]
[Round "4"]
[White "Zaczek, Jonathon"]
[Black "Malec, Sebastian"]
[Result "0-1"]
[WhiteElo "2126"]
[BlackElo "2143"]
[PlyCount "56"]
[EventDate "2012.01.04"]
[EventType "tourn"]
[EventRounds "1"]
[EventCountry "POL"]
[SourceDate "2012.01.03"]

1. e4 c5 2. Nf3 Nc6 3. d4 cxd4 4. Nxd4 Nf6 5. Nc3 d6 6. Bc4 Bd7 7. Bb3 g6 8. f3
Nxd4 9. Qxd4 Bg7 10. Be3 O-O 11. Qd2 b5 12. a4 b4 13. Ne2 a5 14. Nd4 Qe8 15. h4
h5 16. g4 hxg4 17. h5 Nxh5 18. Bh6 Bf6 19. Nf5 Qc8 20. O-O-O Bxf5 21. Bxf8 Be6
22. e5 Bxe5 23. Rxh5 gxh5 24. Bxe7 Bxb3 25. Qg5+ Bg7 26. Rd2 Qe6 27. Rxd6 Qc4
28. Rd2 Rc8 0-1

[Event "103rd YMCA Winter A"]
[Site "Warszawa"]
[Date "2012.01.27"]
[Round "4"]
[White "Rutkowski, Piotr"]
[Black "Zysko, Jan"]
[Result "0-1"]
[WhiteElo "2095"]
[BlackElo "2184"]
[PlyCount "48"]
[EventDate "2012.01.04"]
[EventType "tourn"]
[EventRounds "1"]
[EventCountry "POL"]
[SourceDate "2012.01.03"]

1. Nf3 d5 2. d4 Nf6 3. c4 c6 4. Nc3 a6 5. c5 Nbd7 6. Bf4 Nh5 7. Qd2 Nxf4 8.
Qxf4 g6 9. Ne5 Nxe5 10. Qxe5 f6 11. Qf4 Bg7 12. e3 e5 13. Qh4 Be6 14. Be2 f5
15. Qxd8+ Rxd8 16. O-O-O f4 17. dxe5 fxe3 18. f4 O-O 19. g3 g5 20. Rd4 Bh6 21.
Rf1 Bh3 22. Rf3 Bg2 23. Rxe3 gxf4 24. gxf4 Rxf4 0-1

[Event "103rd YMCA Winter A"]
[Site "Warszawa"]
[Date "2012.02.03"]
[Round "5"]
[White "Malec, Sebastian"]
[Black "Rutkowski, Piotr"]
[Result "1-0"]
[WhiteElo "2143"]
[BlackElo "2095"]
[PlyCount "65"]
[EventDate "2012.01.04"]
[EventType "tourn"]
[EventRounds "1"]
[EventCountry "POL"]
[SourceDate "2012.01.03"]

1. e4 c5 2. Nf3 e6 3. d4 cxd4 4. Nxd4 Nf6 5. Nc3 Nc6 6. Nxc6 bxc6 7. e5 Nd5 8.
Ne4 Bb7 9. c4 Nb6 10. Nd6+ Bxd6 11. exd6 Qh4 12. b3 Qf6 13. Rb1 c5 14. f3 Qg6
15. Be3 Rc8 16. Kf2 f5 17. Bf4 O-O 18. Be5 Rc6 19. Bd3 Ra8 20. g4 Nc8 21. gxf5
exf5 22. Rg1 Qe6 23. Bxg7 Nxd6 24. Qc2 Re8 25. Bb2+ Kf8 26. Rbe1 Qh6 27. Bg7+
Qxg7 28. Rxg7 Rxe1 29. Rxh7 Re7 30. Rh8+ Kf7 31. Qb2 Ne8 32. Rh7+ Ke6 33. Qe2+
1-0

[Event "103rd YMCA Winter A"]
[Site "Warszawa"]
[Date "2012.02.03"]
[Round "5"]
[White "Kielar, Maciej"]
[Black "Zaczek, Jonathon"]
[Result "1/2-1/2"]
[WhiteElo "2084"]
[BlackElo "2126"]
[PlyCount "88"]
[EventDate "2012.01.04"]
[EventType "tourn"]
[EventRounds "1"]
[EventCountry "POL"]
[SourceDate "2012.01.03"]

1. e4 c5 2. Nf3 d6 3. d4 cxd4 4. Nxd4 Nf6 5. Nc3 a6 6. Bg5 e6 7. Qd2 Nbd7 8.
O-O-O b5 9. Bd3 Bb7 10. Rde1 Qb6 11. Bxf6 Nxf6 12. f4 b4 13. Nd1 Nd7 14. Nf3
Nc5 15. Kb1 Be7 16. g4 O-O 17. g5 Rfc8 18. Rhg1 a5 19. Rg3 a4 20. Qf2 b3 21. a3
Nxd3 22. cxd3 Ba6 23. Nd4 d5 24. Ne2 Qc7 25. Nec3 d4 26. Qxd4 Qxf4 27. Qe3 Qxe3
28. Rexe3 Bc5 29. Ref3 Bb7 30. Kc1 Rd8 31. Kd2 Rd7 32. Ke2 Bd6 33. Rg2 Be5 34.
Rh3 Rc8 35. Rf3 Ba6 36. Kd2 Rcd8 37. Nf2 Bd4 38. Nxa4 Bxf2 39. Rgxf2 Rxd3+ 40.
Rxd3 Rxd3+ 41. Kc1 Re3 42. Kd2 Rd3+ 43. Kc1 Re3 44. Kd2 Rd3+ 1/2-1/2

[Event "103rd YMCA Winter A"]
[Site "Warszawa"]
[Date "2012.02.03"]
[Round "5"]
[White "Kaczorowski, Piotr"]
[Black "Jarmula, Lukasz"]
[Result "1/2-1/2"]
[WhiteElo "2104"]
[BlackElo "2018"]
[Annotator "M"]
[PlyCount "48"]
[EventDate "2012.01.04"]
[EventType "tourn"]
[EventRounds "1"]
[EventCountry "POL"]
[SourceDate "2012.01.03"]

1. a3 g6 2. Nf3 Bg7 3. d4 Nf6 4. e3 O-O 5. Be2 d6 6. O-O Nbd7 7. d5 c6 8. c4
cxd5 9. cxd5 a5 10. Nc3 Nc5 11. Nd4 Qb6 12. b3 e5 13. dxe6 fxe6 14. Rb1 e5 15.
Bc4+ Kh8 16. Nf3 Bf5 17. Rb2 d5 18. Bxd5 Rfd8 19. Rd2 Nxd5 20. Rxd5 Nxb3 21.
Na4 Rxd5 22. Nxb6 Rxd1 23. Rxd1 Re8 24. Bb2 h6 $11 1/2-1/2

[Event "103rd YMCA Winter A"]
[Site "Warszawa"]
[Date "2012.02.03"]
[Round "5"]
[White "Jarmula, Pawel"]
[Black "Adamski, Andrzej"]
[Result "0-1"]
[WhiteElo "2219"]
[BlackElo "2271"]
[PlyCount "88"]
[EventDate "2012.01.04"]
[EventType "tourn"]
[EventRounds "1"]
[EventCountry "POL"]
[SourceDate "2012.01.03"]

1. e4 e5 2. Nf3 Nc6 3. Bb5 d6 4. O-O Nf6 5. Re1 Be7 6. c3 O-O 7. h3 Nd7 8. d4
Bf6 9. Be3 a6 10. Ba4 b5 11. Bc2 Bb7 12. d5 Ne7 13. Nbd2 c6 14. dxc6 Bxc6 15.
Nf1 d5 16. Ng3 g6 17. Bh6 Re8 18. exd5 Nxd5 19. Ne4 Bg7 20. Bxg7 Kxg7 21. Bb3
N7b6 22. Ng3 Qc7 23. Ng5 f5 24. h4 Rad8 25. Qc2 e4 26. Ne2 h6 27. Nh3 Nc4 28.
Nd4 Bb7 29. Rad1 e3 30. Bxc4 bxc4 31. h5 Bc8 32. hxg6 Re5 33. Qa4 f4 34. Qc6
Qe7 35. Nf3 Bxh3 36. gxh3 Rh5 37. fxe3 Rd6 38. Qxc4 Rxg6+ 39. Kh2 Qe6 40. Ng1
Rg3 41. Qf1 Nxe3 42. Rxe3 Qxe3 43. Rd7+ Kf8 44. Rd3 Qxg1+ 0-1

[Event "103rd YMCA Winter A"]
[Site "Warszawa"]
[Date "2012.02.03"]
[Round "5"]
[White "Nowicki, Bartosz"]
[Black "Gasik, Piotr"]
[Result "1-0"]
[WhiteElo "2127"]
[BlackElo "2127"]
[PlyCount "51"]
[EventDate "2012.01.04"]
[EventType "tourn"]
[EventRounds "1"]
[EventCountry "POL"]
[SourceDate "2012.01.03"]

1. e4 e5 2. Nf3 Nc6 3. Bb5 Nd4 4. Nxd4 exd4 5. O-O c6 6. Bc4 Nf6 7. Re1 Ng4 8.
c3 Ne5 9. Bf1 d3 10. Re3 Be7 11. f4 Nc4 12. Rf3 Qb6+ 13. Kh1 d5 14. exd5 h5 15.
Qb3 Qc5 16. Bxd3 cxd5 17. Bf1 Bg4 18. d4 Qc6 19. Re3 Kf8 20. Bxc4 dxc4 21. Qc2
Qf6 22. Qf2 g5 23. Re1 Be6 24. Nd2 g4 25. Ne4 Qg7 26. f5 1-0

[Event "103rd YMCA Winter A"]
[Site "Warszawa"]
[Date "2012.02.01"]
[Round "5"]
[White "Liberadzki, Slawomir"]
[Black "Choroszej, Aleksander"]
[Result "1/2-1/2"]
[WhiteElo "2100"]
[BlackElo "2070"]
[Annotator "M"]
[PlyCount "90"]
[EventDate "2012.01.04"]
[EventType "tourn"]
[EventRounds "1"]
[EventCountry "POL"]
[SourceDate "2012.01.03"]

1. c4 g6 2. Nc3 Bg7 3. g3 d6 4. Bg2 Nf6 5. e4 O-O 6. Nge2 c5 7. d4 Nc6 8. dxc5
dxc5 9. O-O Qa5 10. Nd5 e6 11. Bd2 Qd8 12. Ne3 Qe7 13. Bc3 Rd8 14. Qe1 e5 15.
Nd5 Qd6 16. h3 Nxd5 17. cxd5 Nd4 18. Nxd4 exd4 19. Bd2 f5 20. Bf4 Be5 21. Bxe5
Qxe5 22. f4 Qe8 23. e5 Bd7 24. Rf2 Rac8 25. Rc1 b6 26. Rd2 a5 27. h4 a4 28. a3
Bb5 29. e6 Qe7 30. Qe5 h5 31. Bf3 Ba6 32. Re1 Rd6 33. Bxh5 gxh5 34. Qxf5 Rcd8
35. Re5 Bc4 36. Qxh5 Rxd5 37. Rxd5 Rxd5 38. Qg6+ Qg7 39. Qe8+ Kh7 40. e7 Qxg3+
41. Rg2 Qe1+ 42. Kh2 Qxh4+ 43. Kg1 Qe1+ 44. Kh2 Qh4+ 45. Kg1 Qe1+ $11 1/2-1/2

[Event "103rd YMCA Winter A"]
[Site "Warszawa"]
[Date "2012.02.07"]
[Round "6"]
[White "Goslawski, Michal"]
[Black "Choroszej, Aleksander"]
[Result "1/2-1/2"]
[WhiteElo "2067"]
[BlackElo "2070"]
[Annotator "M"]
[PlyCount "82"]
[EventDate "2012.01.04"]
[EventType "tourn"]
[EventRounds "1"]
[EventCountry "POL"]
[SourceDate "2012.01.03"]

1. d4 g6 2. c4 Bg7 3. Nc3 d6 4. e4 Nf6 5. Nf3 O-O 6. Be2 e5 7. d5 a5 8. Bg5 h6
9. Bh4 Na6 10. Nd2 Nc5 11. O-O c6 12. b3 Qc7 13. a3 Nh7 14. f3 f5 15. Bf2 Nf6
16. b4 axb4 17. axb4 Rxa1 18. Qxa1 Na6 19. dxc6 bxc6 20. b5 Nc5 21. Na4 Nxa4
22. Qxa4 cxb5 23. cxb5 fxe4 24. Nxe4 Bb7 25. Nxf6+ Bxf6 26. Be3 Bg5 27. Qb3+ d5
28. Bxg5 hxg5 29. Qe3 Qe7 30. Rc1 Rc8 31. Rxc8+ Bxc8 32. Qb6 Kg7 33. Bd3 Be6
34. h3 Bf7 35. Qc6 g4 36. hxg4 Qb4 37. Kf2 Qd2+ 38. Be2 Qd4+ 39. Ke1 Qb4+ 40.
Kf2 Qd4+ 41. Kf1 Qa1+ $11 1/2-1/2

[Event "103rd YMCA Winter A"]
[Site "Warszawa"]
[Date "2012.02.08"]
[Round "6"]
[White "Gasik, Piotr"]
[Black "Liberadzki, Slawomir"]
[Result "1-0"]
[WhiteElo "2127"]
[BlackElo "2100"]
[Annotator "M"]
[PlyCount "80"]
[EventDate "2012.01.04"]
[EventType "tourn"]
[EventRounds "1"]
[EventCountry "POL"]
[SourceDate "2012.01.03"]

1. c4 e5 2. Nf3 Nc6 3. d4 d6 4. Nc3 g6 5. dxe5 Nxe5 6. Nxe5 dxe5 7. Qxd8+ Kxd8
8. Bg5+ f6 9. O-O-O+ Bd7 10. Be3 Bg7 11. g3 Kc8 12. Bg2 Be6 13. Nb5 Ne7 14. b3
Nc6 15. Rd2 Bf8 16. Kb2 Bb4 17. Rdd1 Be7 18. a3 a5 19. Bd5 Bd7 20. Rd2 Nb8 21.
Na7+ Rxa7 22. Bxa7 Nc6 23. Be3 f5 24. Rhd1 g5 25. f3 f4 26. Bf2 Bf6 27. Be4 Be6
28. Kb1 a4 29. bxa4 Bxc4 30. Rb2 Na5 31. Rc1 Ba6 32. Rbc2 Nb3 33. Rxc7+ Kb8 34.
R1c2 Nd2+ 35. Kc1 Nxe4 36. fxe4 h5 37. Rf7 Bd8 38. Bc5 Bc7 39. Be7 fxg3 40.
hxg3 Rg8 $138 1-0

[Event "103rd YMCA Winter A"]
[Site "Warszawa"]
[Date "2012.02.17"]
[Round "6"]
[White "Adamski, Andrzej"]
[Black "Nowicki, Bartosz"]
[Result "1-0"]
[WhiteElo "2271"]
[BlackElo "2127"]
[PlyCount "68"]
[EventDate "2012.01.04"]
[EventType "tourn"]
[EventRounds "1"]
[EventCountry "POL"]
[SourceDate "2012.01.03"]

1. e4 c5 2. Nc3 Nc6 3. f4 g6 4. Bc4 Bg7 5. Nf3 d6 6. O-O Nf6 7. d3 O-O 8. Qe1
Nd4 9. Nxd4 cxd4 10. Ne2 Nd7 11. Qf2 Qb6 12. a4 a5 13. b3 Kh8 14. Bb2 e5 15.
Qh4 Bf6 16. Qg3 Kg7 17. Rf3 Qd8 18. Qf2 Bh4 19. g3 Be7 20. fxe5 Nxe5 21. Bxd4
f6 22. Rf4 g5 23. Rf3 Nxf3+ 24. Qxf3 Qd7 25. Rf1 Qg4 26. Qe3 Kg6 27. Bd5 Be6
28. Bxb7 Rae8 29. Bc3 f5 30. exf5+ Bxf5 31. Bf3 Qh3 32. Bg2 Qh5 33. Rxf5 Rxf5
34. Qe6+ Bf6 1-0

[Event "103rd YMCA Winter A"]
[Site "Warszawa"]
[Date "2012.02.10"]
[Round "6"]
[White "Jarmula, Lukasz"]
[Black "Jarmula, Pawel"]
[Result "0-1"]
[WhiteElo "2018"]
[BlackElo "2219"]
[Annotator "M"]
[PlyCount "90"]
[EventDate "2012.01.04"]
[EventType "tourn"]
[EventRounds "1"]
[EventCountry "POL"]
[SourceDate "2012.01.03"]

1. d4 d5 2. c4 e6 3. Nf3 Nf6 4. g3 dxc4 5. Bg2 c6 6. O-O b5 7. Ne5 Bb7 8. a4 a6
9. b3 cxb3 10. Qxb3 Qxd4 11. Bb2 Qb6 12. Nc4 Qc7 13. axb5 axb5 14. Rxa8 Bxa8
15. Qa2 Qb7 16. Nb6 Qxb6 17. Qxa8 Bd6 18. Rd1 Bc7 19. Rc1 c5 20. Nd2 O-O 21.
Bxf6 gxf6 22. Qf3 Nd7 23. Ne4 f5 24. Rd1 Ne5 25. Nf6+ Kg7 26. Nh5+ Kh8 27. Qe3
$11 Rg8 28. Qc3 b4 29. Qb2 c4 30. Nf6 c3 31. Qa1 c2 32. Rf1 b3 33. Qb2 Nc4 34.
Qc3 Be5 35. Qxc4 Bxf6 36. e4 Rd8 37. Bf3 Qb7 38. e5 Qxf3 39. exf6 Qd3 40. Qc7
Qd7 41. Qc3 Qd5 42. Qc7 e5 43. Qb6 e4 44. Qb4 Rc8 45. Qa3 Qd1 0-1

[Event "103rd YMCA Winter A"]
[Site "Warszawa"]
[Date "2012.02.10"]
[Round "6"]
[White "Zaczek, Jonathon"]
[Black "Kaczorowski, Piotr"]
[Result "0-1"]
[WhiteElo "2126"]
[BlackElo "2104"]
[PlyCount "98"]
[EventDate "2012.01.04"]
[EventType "tourn"]
[EventRounds "1"]
[EventCountry "POL"]
[SourceDate "2012.01.03"]

1. e4 c6 2. d4 d5 3. exd5 cxd5 4. c4 g6 5. Nc3 Nf6 6. cxd5 Bg7 7. Bc4 O-O 8.
Bg5 Nbd7 9. Bb3 Nb6 10. Bxf6 Bxf6 11. Nge2 Bf5 12. O-O Rc8 13. Ng3 Qd7 14. Kh1
a6 15. Nge4 Bxe4 16. Nxe4 Qf5 17. Nxf6+ Qxf6 18. Qe2 Rfd8 19. Rac1 Rxc1 20.
Rxc1 Nxd5 21. Rd1 e6 22. g3 h5 23. h4 Rd7 24. Kg2 Qd8 25. Qe5 Nf6 26. Rd2 Rd6
27. Qf4 Nd5 28. Qe5 Qd7 29. Kg1 Ne7 30. Qe4 Qb5 31. Rd1 Nd5 32. Rc1 Qd7 33. Rd1
b5 34. Rc1 Nb6 35. Rd1 a5 36. a3 a4 37. Ba2 Nd5 38. Bxd5 Rxd5 39. f4 Qc7 40.
Kf2 Qb6 41. Ke3 b4 42. Qc2 b3 43. Qc4 Ra5 44. Rc1 e5 45. fxe5 Rxe5+ 46. Kd3 Re8
47. Rf1 Qa7 48. Rf3 Qe7 49. Kc3 Qe1+ 0-1

[Event "103rd YMCA Winter A"]
[Site "Warszawa"]
[Date "2012.02.21"]
[Round "6"]
[White "Zysko, Jan"]
[Black "Malec, Sebastian"]
[Result "1/2-1/2"]
[WhiteElo "2184"]
[BlackElo "2143"]
[PlyCount "31"]
[EventDate "2012.01.04"]
[EventType "tourn"]
[EventRounds "1"]
[EventCountry "POL"]
[SourceDate "2012.01.03"]

1. e4 c5 2. Nf3 Nc6 3. d4 cxd4 4. Nxd4 Nf6 5. Nc3 d6 6. Bg5 Qb6 7. Bxf6 gxf6 8.
Nb3 e6 9. Qd2 a6 10. O-O-O Bd7 11. f4 O-O-O 12. Be2 h5 13. Rhf1 h4 14. Kb1 Kb8
15. Rf3 Be7 16. Rh3 1/2-1/2

[Event "103rd YMCA Winter A"]
[Site "Warszawa"]
[Date "2012.03.01"]
[Round "7"]
[White "Malec, Sebastian"]
[Black "Goslawski, Michal"]
[Result "1-0"]
[WhiteElo "2143"]
[BlackElo "2067"]
[Annotator "M"]
[PlyCount "95"]
[EventDate "2012.01.04"]
[EventType "tourn"]
[EventRounds "1"]
[EventCountry "POL"]
[SourceDate "2012.01.03"]

1. e4 e6 2. Nf3 d5 3. e5 c5 4. g3 Nc6 5. Bg2 f6 6. d4 Qa5+ 7. Nbd2 cxd4 8. exf6
gxf6 9. Nh4 Qc7 10. O-O Qf7 11. Nb3 Bd6 12. f4 Bd7 13. c3 dxc3 14. bxc3 Nge7
15. c4 O-O-O 16. Bb2 Kb8 17. Rb1 Bc8 18. cxd5 exd5 19. Kh1 h5 20. f5 Rhg8 21.
Nd4 Be5 22. Nhf3 Nxd4 23. Bxd4 Nc6 24. Bg1 Rg4 $11 25. Nxe5 fxe5 26. Rb5 Nd4
27. Rb4 Qg8 28. Bxd4 exd4 29. Rxd4 Rxd4 30. Qxd4 Qf7 31. f6 Be6 32. Qe5+ Ka8
33. Bf3 Bg4 34. Bxg4 hxg4 35. Qe7 Rf8 36. Qd6 a6 37. Rc1 Ka7 38. Qc5+ Kb8 39.
Qd6+ Ka7 40. Rf1 Qe8 41. Qxd5 Qc6 42. Qxc6 bxc6 43. h3 Kb7 44. hxg4 Kc7 45. g5
Kd7 46. g6 Rh8+ 47. Kg2 Ke6 48. g7 1-0

[Event "103rd YMCA Winter A"]
[Site "Warszawa"]
[Date "2012.03.08"]
[Round "7"]
[White "Kielar, Maciej"]
[Black "Zysko, Jan"]
[Result "1/2-1/2"]
[WhiteElo "2084"]
[BlackElo "2184"]
[PlyCount "23"]
[EventDate "2012.01.04"]
[EventType "tourn"]
[EventRounds "1"]
[EventCountry "POL"]
[SourceDate "2012.01.03"]

1. e4 c5 2. Nf3 Nc6 3. Nc3 d6 4. d4 cxd4 5. Nxd4 Nf6 6. Bc4 e6 7. Bb3 Be7 8.
Be3 O-O 9. h3 a6 10. Qd2 Nxd4 11. Bxd4 b5 12. f3 1/2-1/2

[Event "103rd YMCA Winter A"]
[Site "Warszawa"]
[Date "2012.02.17"]
[Round "7"]
[White "Kaczorowski, Piotr"]
[Black "Rutkowski, Piotr"]
[Result "1/2-1/2"]
[WhiteElo "2104"]
[BlackElo "2095"]
[PlyCount "31"]
[EventDate "2012.01.04"]
[EventType "tourn"]
[EventRounds "1"]
[EventCountry "POL"]
[SourceDate "2012.01.03"]

1. a3 e5 2. e3 d5 3. d4 exd4 4. exd4 Nf6 5. Bd3 Be7 6. Ne2 O-O 7. O-O c5 8.
dxc5 Bxc5 9. b4 Bd6 10. Bf4 Bg4 11. Qd2 Nc6 12. f3 Bh5 13. Bxd6 Qxd6 14. Qf4
Qxf4 15. Nxf4 Bg6 16. Nxg6 1/2-1/2

[Event "103rd YMCA Winter A"]
[Site "Warszawa"]
[Date "2012.02.17"]
[Round "7"]
[White "Jarmula, Pawel"]
[Black "Zaczek, Jonathon"]
[Result "0-1"]
[WhiteElo "2219"]
[BlackElo "2126"]
[PlyCount "82"]
[EventDate "2012.01.04"]
[EventType "tourn"]
[EventRounds "1"]
[EventCountry "POL"]
[SourceDate "2012.01.03"]

1. e4 c5 2. Nf3 d6 3. d4 cxd4 4. Nxd4 Nf6 5. Nc3 a6 6. Be2 e6 7. O-O Be7 8. f4
Qc7 9. Be3 O-O 10. g4 Nc6 11. g5 Ne8 12. f5 Ne5 13. Qe1 b5 14. a4 b4 15. Nd1 d5
16. exd5 exf5 17. Nxf5 Bxf5 18. Rxf5 g6 19. Rf4 Qxc2 20. Rc1 Qxa4 21. Re4 f6
22. gxf6 Bxf6 23. Bf4 Nf7 24. Qxb4 Qd7 25. Ne3 Ned6 26. Bg4 Qd8 27. Re6 Rb8 28.
Qa4 Rxb2 29. Rc6 Ne8 30. Qxa6 Bh4 31. Qd3 Bf2+ 32. Kf1 Qh4 33. Rxg6+ hxg6 34.
Rxg6+ Ng7 35. Rxg7+ Kh8 36. Bf3 Bxe3 37. Bxe3 Ne5 38. Bd4 Qh3+ 39. Kg1 Qxh2+
40. Kf1 Rxf3+ 41. Qxf3 Rb1+ 0-1

[Event "103rd YMCA Winter A"]
[Site "Warszawa"]
[Date "2012.01.20"]
[Round "7"]
[White "Nowicki, Bartosz"]
[Black "Jarmula, Lukasz"]
[Result "1-0"]
[WhiteElo "2127"]
[BlackElo "2018"]
[PlyCount "45"]
[EventDate "2012.01.04"]
[EventType "tourn"]
[EventRounds "1"]
[EventCountry "POL"]
[SourceDate "2012.01.03"]

1. e4 e5 2. Nf3 Nc6 3. Bb5 Nf6 4. O-O Nxe4 5. d4 Nd6 6. Bxc6 dxc6 7. dxe5 Nf5
8. Qxd8+ Kxd8 9. Rd1+ Ke8 10. Nc3 Be6 11. Ng5 Bc8 12. Nge4 Be7 13. f4 h5 14. g3
Bd7 15. h3 Rd8 16. Kg2 Rh6 17. g4 hxg4 18. hxg4 Rg6 19. Nf2 Nh6 20. Rxd7 Rxd7
21. Kf3 Re6 22. Nce4 Rd1 23. Nxd1 1-0

[Event "103rd YMCA Winter A"]
[Site "Warszawa"]
[Date "2012.02.15"]
[Round "7"]
[White "Liberadzki, Slawomir"]
[Black "Adamski, Andrzej"]
[Result "1/2-1/2"]
[WhiteElo "2100"]
[BlackElo "2271"]
[Annotator "M"]
[PlyCount "73"]
[EventDate "2012.01.04"]
[EventType "tourn"]
[EventRounds "1"]
[EventCountry "POL"]
[SourceDate "2012.01.03"]

1. e4 e5 2. Nc3 Nc6 3. Nf3 g6 4. d4 exd4 5. Nxd4 Bg7 6. Nxc6 bxc6 7. g3 a5 8.
Be3 d6 9. Qd2 Rb8 10. Bg2 Rxb2 11. O-O Ne7 12. Bd4 O-O 13. Bxg7 Kxg7 14. Qd4+
f6 15. Rab1 c5 16. Qd3 Rb4 17. a3 Rd4 18. Qb5 Bd7 19. Qxa5 Nc6 20. Qa6 Rd2 21.
Nd5 Rf7 22. Rb7 Be8 23. Rfb1 Rxc2 24. Nxc7 Kh6 25. Qd3 Nd4 26. Qe3+ Kg7 27.
Qxd4 Rxc7 28. Qd3 Rc1+ 29. Rxc1 Rxb7 30. e5 Rb6 31. e6 Qe7 32. Bd5 Bc6 33. Bxc6
Rxc6 34. Qd5 Rb6 35. Rd1 Kf8 36. Qa8+ Kg7 37. Qa5 $11 1/2-1/2

[Event "103rd YMCA Winter A"]
[Site "Warszawa"]
[Date "2012.02.17"]
[Round "7"]
[White "Choroszej, Aleksander"]
[Black "Gasik, Piotr"]
[Result "1/2-1/2"]
[WhiteElo "2070"]
[BlackElo "2127"]
[PlyCount "43"]
[EventDate "2012.01.04"]
[EventType "tourn"]
[EventRounds "1"]
[EventCountry "POL"]
[SourceDate "2012.01.03"]

1. d4 Nf6 2. c4 c5 3. d5 e5 4. Nc3 d6 5. e4 Be7 6. Bd3 Nbd7 7. Nge2 a6 8. a4
O-O 9. O-O Ne8 10. Be3 Bg5 11. Qd2 Bxe3 12. Qxe3 g6 13. g4 Ng7 14. Kh1 Nf6 15.
h3 b6 16. Rg1 Ra7 17. Rg2 Kh8 18. Rag1 Nd7 19. Qh6 Nf6 20. Qe3 Nd7 21. Qh6 Nf6
22. Qe3 1/2-1/2

[Event "103rd YMCA Winter A"]
[Site "Warszawa"]
[Date "2012.02.21"]
[Round "8"]
[White "Goslawski, Michal"]
[Black "Gasik, Piotr"]
[Result "1/2-1/2"]
[WhiteElo "2067"]
[BlackElo "2127"]
[PlyCount "82"]
[EventDate "2012.01.04"]
[EventType "tourn"]
[EventRounds "1"]
[EventCountry "POL"]
[SourceDate "2012.01.03"]

1. d4 f5 2. Nf3 Nf6 3. c4 g6 4. g3 Bg7 5. Bg2 O-O 6. O-O d6 7. Nc3 c6 8. d5 e5
9. dxc6 bxc6 10. e4 h6 11. exf5 gxf5 12. b3 a6 13. Bb2 Ra7 14. Qd2 e4 15. Nd4
Ng4 16. Nde2 Re7 17. Nd1 Bxb2 18. Qxb2 Nd7 19. Nf4 Nge5 20. Qc3 Nc5 21. b4 Ne6
22. Nxe6 Bxe6 23. Nb2 Qb8 24. f4 exf3 25. Bxf3 f4 26. Bg2 Ref7 27. Rxf4 Rxf4
28. gxf4 Rxf4 29. Re1 Qf8 30. Rf1 Rxf1+ 31. Bxf1 Qf4 32. Qg3+ Qg5 33. Qxg5+
hxg5 34. a4 Kf7 35. a5 Ke7 36. Kf2 Kd7 37. Be2 Kc7 38. Ke3 Bg4 39. Bf1 Bf5 40.
Be2 Bg4 41. Bf1 Bf5 1/2-1/2